Kadra Realu Madryt w LM 2015/2016 - Statystyki

Ogólne statystyki
  • Ten quiz został rozwiązany 339 razy
  • Średni wynik to 18 z 23
Statystyki odpowiedzi
pozycja # kraj piłkarz % Poprawnych
N 7 POR Cristiano Ronaldo
98%
N 11 WAL Gareth Bale
98%
N 9 FRA Karim Benzema
98%
O 4 ESP Sergio Ramos
98%
P 19 CRO Luka Modric
97%
O 12 BRA Marcelo
97%
B 1 CRC Keylor Navas
94%
O 3 POR Pepe
94%
P 8 GER Toni Kroos
94%
P 10 COL James Rodriguez
92%
O 2 FRA Raphael Varane
92%
P 14 BRA Casemiro
88%
Trener - ESP/FRA Rafa Benitez/ Zinedine Zidane
88%
O 15 ESP Daniel Carvajal
83%
B 13 ESP Kiko Casilla
82%
P 16 CRO Mateo Kovacic
81%
P 22 ESP Isco
70%
O 6 ESP Nacho Fernandez
66%
N 18 ESP Lucas Vazquez
52%
O 23 BRA Danilo
39%
O 17 ESP Alvaro Arbeloa
35%
P 21 RUS Denis Czeryszew
33%
N 20 ESP Jese
30%
Nie znaleziono quizów pasujących do podanych kryteriów
Rozkład punktacji
Procent ludzi z każdym wynikiem
Percentyl według liczby udzielonych odpowiedzi
Twoja historia wyników
Nie rozwiązałeś tego quizu